| 000 | 00612nam a22001337a 4500 | ||
|---|---|---|---|
| 040 | _cRUA | ||
| 082 | _aAGR LON 2021 B1.570 Or. | ||
| 100 | _aLONG VIMEAN ឡុង វិមាន | ||
| 245 | _aVERMICOMPSE OUALITY PRODUCED FROM VARIOUS EARTHWORM'S FOOD SOURCES. គុណភាពកំប៉ុស្តិ័ជន្លេនតាមរយៈការប្រើប្រាស់ចំណីផ្សេងៗគ្នា | ||
| 260 |
_aPhnom Penh _bRUA _c2021 |
||
| 300 |
_aVIII.18P _bVI. _c29CM |
||
| 856 | _uhttps://drive.google.com/file/d/1wDiTe4TwXOjKY3-qk51hlhEmFqE63ktv/view?usp=sharing | ||
| 942 | _cAGR | ||
| 999 |
_c22740 _d22740 |
||